| 000 | 00521nam a2200181 a 4500 | ||
|---|---|---|---|
| 001 | 000009940 | ||
| 005 | 20240412074214.0 | ||
| 008 | 091002s1966 dr 000 p spa d | ||
| 040 | _aDO-SdBNP | ||
| 082 |
_aRD861.44 _bD542a |
||
| 100 | 1 |
_aDíaz Polanco, Héctor, _d1944- _92421 |
|
| 245 | 1 | 0 |
_aAbstracciones poéticas / _cHector Diaz Polanco. |
| 260 |
_aSanto Domingo : _bArte y cine, _c1966. |
||
| 300 |
_a88 p. : ; _c21 cm. |
||
| 650 | 0 |
_aPoesía dominicana _966 |
|
| 650 | 0 |
_aLiteratura dominicana. _967 |
|
| 049 | _aBNPD | ||
| 999 |
_c9699 _d9699 |
||